[Event "Moscow VAO FM 07"]
[Site "Moscow"]
[Date "2015.07.27"]
[Round "?"]
[White "Mirzoeva, Elmira"]
[Black "Karpov, Alexander"]
[Result "1-0"]
[WhiteElo "2229"]
[BlackElo "2222"]
[PlyCount "59"]
[EventDate "2015.07.27"]
[EventType "tourn"]
[EventRounds "10"]
[EventCountry "RUS"]
[SourceTitle "EXT 2016"]
[Source "ChessBase"]
[SourceDate "2015.10.08"]
[SourceVersion "1"]
[SourceVersionDate "2015.10.08"]
[SourceQuality "1"]

1. d4 {Edouard,Romain} d5 2. c4 e6 3. Nc3 c6 4. Nf3 dxc4 5. e3 b5 6. a4 Bb4 7. Bd2 a5 8. axb5 Bxc3 9. Bxc3 cxb5 10. b3 Bb7 11. bxc4 b4 12. Bb2 Nf6 13. Bd3 Nbd7 14. O-O O-O 15. Nd2 e5 16. d5 ({RR} 16. Bc2 Qc7 17. h3 Rfe8 ({RR} 17... h6) 18. Bb3 ({RR} 18. Ba4 Bc6 19. Bb3) 18... h6 19. Nf3 Ra6 20. Nxe5 Nxe5 21. dxe5 Nd7 22. f4 ({RR} 22. Ba4 Rg6 ({RR} 22... Nxe5 23. Bxe8 Nf3+ 24. gxf3 Rg6+ 25. Kh1 Qc8 26. Bd7 Qxd7 27. Qxd7 Bxf3+ 28. Kh2 Rg2+ 29. Kh1 Rg6+) 23. f3 Rd8) 22... Nc5 23. Bc2 a4 24. f5 ({RR} 24. Bxa4 Nxa4 25. Rxa4 Qc6) 24... b3 ({RR} 24... Rd8 25. Qg4 Rd2 26. Rf2 Rxf2 27. Kxf2 a3 28. Bd4 b3 29. f6 g5 30. Bf5) 25. Bb1 Raa8 ({RR} 25... a3 26. Rxa3 Rxa3 27. Bxa3 Qxe5 28. Bxc5 Qxc5 29. Qd4) 26. e6 Qg3 27. Rf2 ({RR} 27. Qe2 fxe6 ({RR} 27... f6 28. Rf4) 28. f6) 27... f6 ({RR} 27... fxe6 28. f6 gxf6) 28. Bd4 Ne4 29. Bxe4 ({RR} 29. Rf3 Qg5 30. Qe1 a3 31. h4 ({RR} 31. Rf4 b2 32. Ra2 Qg3 33. Qxg3 Nxg3 34. Rg4 Ne2+ 35. Kf2 Nc1 36. Bxf6 g5 37. h4 Nxa2 38. hxg5 Rf8 39. Bxa2 b1=Q 40. Bxb1 a2 41. Bxa2 Rxa2+) 31... Qg4 ({RR} 31... Qh5 32. Rf4) 32. Rf4 Qg3 33. Bxe4 Qxe1+ 34. Rxe1 Bxe4 35. Rxe4 b2) 29... Bxe4 30. Ra3 Rec8 {Donchenko,A (2668)-Firouzja,A (2749) Wijk aan Zee 2021 CBM 201 Extra [Edouard,Romain] 0-1 (43)}) 16... Re8 17. Bc2 Qb6 ({RR} 17... Nc5 18. f4 e4 19. Bd4 Qd6 20. Kh1 Nfd7 21. g4 f6 22. g5 f5 23. Rg1 Ra6 24. Qb1 Re7 {½-½ (24) Tsiapko,A (2273)-Zemach,N (2406) Escaldes AND 2026}) 18. Rb1 $146 ({RR} 18. Ba4 Re7 19. Nb3 Nc5 20. Nxc5 Qxc5 21. Bb5 Nxd5 22. cxd5 Qxb5 23. e4 f6 24. f4 Ba6 25. Rf3 Bc8 26. d6 Rf7 27. fxe5 Bg4 28. e6 Bxe6 29. Rg3 a4 30. Qf3 Raf8 31. Rc1 Qb6+ 32. Kh1 a3 {Gibbs,D (1795)-Burnett,J (2172) Hastings 2012 0-1 (34)}) 18... Nc5 19. f4 e4 20. Bd4 Qd6 21. Ra1 Bc8 22. Nb3 Nxb3 23. Bxb3 Nd7 24. Ba4 Rf8 25. Qg4 g6 26. Qh4 Nc5 27. Bc6 Ra7 28. Be5 Qd8 29. Qxd8 Rxd8 30. Bd4 1-0

[Event "Linares 07th"]
[Site "Linares"]
[Date "1989.??.??"]
[Round "?"]
[White "Karpov, Anatoly"]
[Black "Portisch, Lajos"]
[Result "1-0"]
[WhiteElo "2750"]
[BlackElo "2610"]
[PlyCount "113"]
[EventDate "1989.01.??"]
[EventType "tourn"]
[EventRounds "11"]
[EventCountry "ESP"]
[EventCategory "16"]
[SourceTitle "CBM 011"]
[Source "ChessBase"]
[SourceDate "1989.08.01"]
[SourceVersion "1"]
[SourceVersionDate "1989.08.01"]
[SourceQuality "1"]

1. d4 d5 2. c4 e6 3. Nc3 Be7 4. cxd5 exd5 5. Bf4 c6 6. e3 Bf5 7. g4 Bg6 8. h4 h5 ({RR} 8... h6 9. h5 Bh7 10. Bd3 Bxd3 11. Qxd3 Nf6 12. f3 Bd6 13. Nge2 Bxf4 14. Nxf4 Qd6 15. O-O-O Nbd7 16. Nce2 O-O-O 17. Ng3 Rhe8 18. Nf5 Qf8 19. Kb1 Kb8 20. Rhg1 Nh7 21. Nh3 Ng5 22. Nxg5 hxg5 23. e4 {Vitiugov,N (2722)-Zhou,J (2668) Ningbo 2010 1-0 (38)}) ({RR} 8... Bxh4 9. Qb3 b6 10. Nf3 Be7 11. Ne5 Nf6 12. Be2 Bd6 13. g5 Ne4 14. Nxg6 fxg6 15. Nxe4 Bxf4 16. exf4 dxe4 17. Qe6+ Qe7 18. Qc8+ Qd8 19. Qb7 Qxd4 20. Rd1 Qb4+ 21. Kf1 O-O 22. Qxa8 Qe7 23. Bc4+ {Volodin,A (2470)-Mikelsons,M (1992) Riga LAT 2026 1-0}) 9. g5 Bd6 10. Nge2 ({RR} 10. Qf3 Ne7 11. Nge2 Bb4 12. O-O-O b5 13. a3 Ba5 14. b4 Bb6 15. Be5 O-O 16. Bh3 Nd7 17. Bxd7 Qxd7 18. Ng3 Bc7 19. Bxc7 Qxc7 20. Nxh5 a5 21. Kb2 axb4 22. axb4 c5 23. dxc5 Nc6 24. Qf4 Ne5 {Miles,A (2565)-Portisch,L (2625) Reggio Emilia 1984 0-1 (45)}) 10... Na6 11. Bxd6 $146 ({RR} 11. a3 Ne7 12. Rc1 Nc7 13. Bxd6 Qxd6 14. Nf4 Ne6 15. Nxg6 fxg6 16. Bd3 O-O 17. Qd2 Nf5 18. Ne2 Rae8 19. Kd1 c5 20. Bxf5 gxf5 21. f4 Rc8 22. Rc3 g6 23. Kc1 cxd4 24. Nxd4 Nc5 25. Qc2 Qd7 {Dornieden,J (2069)-Savchenko,D (2134) Willingen 2022 ½-½ (39)}) ({RR} 11. a3 Ne7 12. Rc1 Nc7 13. Bxd6 Qxd6 14. Nf4 Ne6 15. Nxg6 fxg6 16. Bd3 O-O 17. Qd2 Nf5 18. Ne2 Rae8 19. Kd1 c5 20. Bxf5 gxf5 21. f4 Rc8 22. Rc3 g6 23. Kc1 cxd4 24. Nxd4 Nc5 25. Qc2 Qd7 {Dornieden,J (2069)-Savchenko,D (2134) Willingen 2022 ½-½ (39)}) 11... Qxd6 12. Nf4 Nc7 13. Be2 Qb4 14. Qd2 Ne7 15. Bf3 Ne6 16. Nce2 Nxf4 17. Nxf4 Qxd2+ 18. Kxd2 Be4 19. Bxe4 dxe4 20. Rac1 O-O-O 21. Rc5 Nd5 22. Nxd5 Rxd5 23. Rhc1 Rhd8 24. b4 Kc7 25. Ke2 a6 26. f3 exf3+ 27. Kxf3 R5d6 28. Rf5 R8d7 29. Rcc5 Re7 30. Rce5 Kd8 31. a4 g6 32. Rxe7 Kxe7 33. Re5+ Kf8 34. Ke4 f6 35. gxf6 Rxf6 36. b5 axb5 37. axb5 Kf7 38. Rc5 Ke7 39. Rg5 Kf7 40. Rg2 Rf5 41. bxc6 bxc6 42. Rc2 Rf6 43. Ra2 Ke7 44. Ra7+ Kd6 45. Rg7 Ke6 46. Kd3 Kd6 47. e4 Rf4 48. e5+ Ke6 49. Rxg6+ Kd7 50. Kc4 Rf1 51. Rh6 Rc1+ 52. Kd3 c5 53. d5 c4+ 54. Kd2 Rh1 55. Rh7+ Ke8 56. Rxh5 Rh3 57. Kc2 1-0

[Event "World-ch32-KK3 Kasparov-Karpov +5-4=15"]
[Site "London/Leningrad"]
[Date "1986.08.13"]
[Round "7"]
[White "Karpov, Anatoly"]
[Black "Kasparov, Garry"]
[Result "1/2-1/2"]
[WhiteElo "2705"]
[BlackElo "2740"]
[PlyCount "81"]
[EventDate "1986.07.28"]
[EventType "match"]
[EventRounds "24"]
[EventCountry "URS"]
[SourceTitle "MainBase"]
[Source "ChessBase"]
[SourceDate "1999.07.01"]
[SourceVersion "2"]
[SourceVersionDate "1999.07.01"]
[SourceQuality "1"]

1. d4 d5 2. c4 e6 3. Nc3 Be7 4. cxd5 exd5 5. Bf4 c6 6. Qc2 g6 7. e3 Bf5 8. Qd2 Nd7 9. f3 ({RR} 9. Nge2 h5 10. f3 Ngf6 11. h3 h4 12. Nc1 Nh5 13. Bh2 Bg5 14. Bd3 Bxd3 15. Nxd3 Qe7 16. Kf2 O-O 17. Ne2 Rae8 18. Nef4 Nxf4 19. Bxf4 Bxf4 20. Nxf4 Qg5 21. Rhe1 Re7 22. Re2 Rfe8 23. Rae1 Nf6 {Nisipeanu,L (2670)-Neverov,V (2492) Pardubice 2013 ½-½}) 9... Nb6 ({RR} 9... Ngf6 10. g4 Be6 11. h4 h6 12. Bd3 b5 13. Nge2 Nb6 14. b3 b4 15. Nd1 Bd6 16. Rc1 Rc8 17. Nf2 a5 18. Ba6 Rc7 19. Nd3 Ra7 20. Rxc6 Bxf4 21. Rxe6+ fxe6 22. Bb5+ Nbd7 23. Nexf4 Kf7 24. h5 {Kalogridis,A (2399)-Stefanou,K (2260) Patras GRE 2026 1-0 (38)}) 10. e4 Be6 11. e5 $146 ({RR} 11. Be3 Nf6 12. e5 Nfd7 13. f4 O-O 14. Nf3 Nc4 15. Bxc4 dxc4 16. O-O Nb6 17. Bf2 Nd5 18. h3 Nxc3 19. bxc3 f5 20. exf6 Bxf6 21. Rae1 Bd5 22. Ne5 Qc7 23. g4 Rae8 24. Kh2 Qd8 25. Bg3 Bg7 {Di Berardino,D (2479)-Valerga,D (2443) Villa Martelli ARG 2023 ½-½ (46)}) ({RR} 11. Be3 Nf6 12. e5 Nfd7 13. f4 O-O 14. Nf3 Nc4 15. Bxc4 dxc4 16. O-O Nb6 17. Bf2 Nd5 18. h3 Nxc3 19. bxc3 f5 20. exf6 Bxf6 21. Rae1 Bd5 22. Ne5 Qc7 23. g4 Rae8 24. Kh2 Qd8 25. Bg3 Bg7 {Di Berardino,D (2479)-Valerga,D (2443) Villa Martelli ARG 2023 ½-½ (46)}) 11... h5 12. Bd3 Qd7 13. b3 Bh4+ 14. g3 Be7 15. Kf2 Bf5 16. Bf1 Kf8 17. Kg2 a5 18. a3 Qd8 19. Nh3 Bxh3+ 20. Kxh3 Kg7 21. Kg2 Nd7 22. Bd3 Nf8 23. Be3 Ne6 24. Ne2 Nh6 25. b4 Qb6 26. b5 c5 27. Nc3 cxd4 28. Bxh6+ Rxh6 29. Nxd5 Qd8 30. Be4 h4 31. Rhf1 hxg3 32. hxg3 Rc8 33. Rh1 Rxh1 34. Rxh1 Bg5 35. f4 Rc5 36. fxg5 Rxd5 37. Bxd5 Qxd5+ 38. Kh2 Qxe5 39. Rf1 Qxb5 40. Qf2 Nxg5 41. Qxd4+ 1/2-1/2

[Event "World Cup qual"]
[Site "Khanty-Mansiysk"]
[Date "2007.10.14"]
[Round "1"]
[White "Samartsev, Alexander"]
[Black "Karpov, Alexander"]
[Result "1-0"]
[WhiteElo "2421"]
[BlackElo "2330"]
[PlyCount "74"]
[EventDate "2007.10.14"]
[EventType "tourn"]
[EventRounds "13"]
[EventCountry "RUS"]
[EventCategory "5"]
[SourceTitle "CBM 121 Extra"]
[Source "ChessBase"]
[SourceDate "2008.01.10"]
[SourceVersion "1"]
[SourceVersionDate "2008.01.10"]
[SourceQuality "1"]

1. d4 d5 2. c4 e6 3. Nc3 c6 4. e4 dxe4 5. Nxe4 Bb4+ 6. Nc3 Nf6 7. Nf3 c5 8. Bd2 ({RR} 8. a3 Ba5 9. Be3 Ng4 10. Be2 O-O 11. O-O Nxe3 12. fxe3 cxd4 13. exd4 Nd7 14. b4 Bc7 15. Bd3 a5 16. b5 b6 17. Qe2 Bb7 18. Rad1 Qe7 19. Nd5 Bxd5 20. cxd5 Rae8 21. Bxh7+ Kxh7 22. Qc2+ Kg8 {Naroditsky,D (2619)-Maghsoodloo,P (2691) chess.com INT 2025 1-0 (47)}) 8... cxd4 9. Nb5 Bc5 $146 ({RR} 9... Qa5 10. a3 Bxd2+ 11. Qxd2 Qxd2+ 12. Nxd2 Na6 13. Nxd4 Bd7 14. Be2 Rd8 15. b4 Ba4 16. N4f3 Nc7 17. Ne5 Nd7 18. Ng4 h5 19. Ne3 Ne5 20. Nb1 Nd3+ 21. Kf1 Nf4 22. Bf3 Bc6 23. Bxc6+ bxc6 24. g3 {Palozi,P (2197)-Costa,S Sao Jose do Rio Preto 2012 1-0 (32)}) 10. b4 Be7 11. Nbxd4 e5 12. Nc2 Ne4 13. Be2 O-O 14. O-O Nxd2 15. Nxd2 a5 16. bxa5 Nc6 17. Nb3 Nxa5 18. Ne3 Be6 19. Qc2 Qc7 20. Rfd1 Rad8 21. Rab1 Bg5 22. Nxa5 Qxa5 23. Rxb7 Rxd1+ 24. Nxd1 Qe1+ 25. Bf1 Rd8 26. Nb2 e4 27. Qe2 Qb1 28. Rb5 h6 29. Na4 Qc1 30. h4 Bxh4 31. Qxe4 Rd1 32. Rb8+ Bd8 33. Qe2 Rd7 34. Nb2 Rd4 35. Qe3 Qxe3 36. fxe3 Rd7 37. a4 Bg4 1-0

[Event "World-ch31-KK2 Kasparov-Karpov +5-3=16"]
[Site "Moscow"]
[Date "1985.10.31"]
[Round "21"]
[White "Kasparov, Garry"]
[Black "Karpov, Anatoly"]
[Result "1/2-1/2"]
[WhiteElo "2700"]
[BlackElo "2720"]
[Annotator "ChessBase"]
[PlyCount "88"]
[EventDate "1985.09.03"]
[EventType "match"]
[EventRounds "24"]
[EventCountry "URS"]
[SourceTitle "MainBase"]
[Source "ChessBase"]
[SourceDate "1999.07.01"]
[SourceVersion "2"]
[SourceVersionDate "1999.07.01"]
[SourceQuality "1"]

1. d4 d5 2. c4 e6 3. Nc3 Be7 4. cxd5 exd5 5. Bf4 c6 6. e3 Bf5 7. g4 Be6 8. h4 Nd7 9. h5 Nh6 10. Be2 Nb6 11. Rc1 (11. Nh3 $6 g5 $1 {Vaiser-Timoshenko/Taschkent/1987/i44/(480)}) ({RR} 11. Nh3 g5 12. hxg6 hxg6 13. a4 g5 14. Bg3 a5 15. f3 f5 16. Qb3 fxg4 17. fxg4 Nf7 18. O-O-O Bb4 19. Nf2 Rxh1 20. Rxh1 Qe7 21. Nfd1 O-O-O 22. Na2 Nc4 23. Nxb4 axb4 24. Qc2 Na5 25. Kb1 c5 {LCZero 0.31-dag-c93c6a8-BT4-6 (3652)-Stockfish dev-20250118-8e3e22 (3683) tcec-chess.com INT 2025 ½-½ (45)}) ({RR} 11. Nh3 g5 12. hxg6 hxg6 13. Ng1 g5 14. Bg3 Qd7 15. Rc1 Nc4 16. Qb3 Bd6 17. Bxd6 Nxd6 18. Na4 O-O-O 19. Nc5 Qe7 20. Qa4 Kb8 21. Nxe6 Qxe6 22. Qd1 f5 23. gxf5 Nhxf5 24. Rxh8 Rxh8 25. Bf3 Rh2 {Hebbar,E (2233)-Atwell,R (2290) New York USA 2026 0-1}) 11... Bd6 $146 (11... Nc4 12. Bxc4 dxc4 13. Bxh6 gxh6 $13 {Kasparov}) ({RR} 11... Nc4 12. b3 Nd6 13. Nh3 Ne4 14. Nxe4 dxe4 15. Kf1 a5 16. Rg1 g5 17. hxg6 hxg6 18. Rh1 g5 19. Bg3 Qd7 20. Ng1 O-O-O 21. Qd2 Bb4 22. Qc2 f6 23. a3 Bxa3 24. Ra1 Bb4 25. Rxa5 Bxa5 26. Qa2 {Batsiashvili,N (2428)-Kuchava,A (2149) Tbilisi 2014 0-1 (62)}) ({RR} 11... Nc4 12. b3 Nd6 13. Nh3 g5 14. Be5 Rg8 15. f3 f5 16. Nf2 Ndf7 17. Bh2 Bd6 18. Qd2 fxg4 19. fxg4 Qe7 20. Kd1 O-O-O 21. Kc2 Kb8 22. Rcg1 {½-½ (22) Mchedlishvili,M (2635)-Doettling,F (2544) Evry 2008}) 12. Nh3 Bxf4 13. Nxf4 Bd7 $14 14. Rg1 g5 15. hxg6 hxg6 16. Kd2 Qe7 17. b3 g5 18. Nd3 O-O-O 19. Rh1 f6 20. Qg1 Nf7 21. Qg3 Qd6 22. Qxd6 Nxd6 23. f3 Rdg8 24. Nc5 Kd8 25. Bd3 Bc8 26. Ne2 Na8 27. Bh7 Rf8 28. Rh6 Nc7 29. Ng3 Nf7 30. Rh2 Ne6 31. Nd3 Ng7 32. Rch1 Ke7 33. Nf2 Rd8 34. Bf5 Rxh2 35. Rxh2 Nxf5 36. gxf5 Rh8 37. Rxh8 Nxh8 38. e4 Nf7 39. Ng4 Nd6 40. Ne3 dxe4 41. fxe4 b6 42. b4 Ba6 43. Ng4 Nb5 44. Kd3 Na3+ 1/2-1/2

[Event "Interpolis-07"]
[Site "Tilburg"]
[Date "1983.10.13"]
[Round "2"]
[White "Karpov, Anatoly"]
[Black "Polugaevsky, Lev"]
[Result "1-0"]
[WhiteElo "2710"]
[BlackElo "2625"]
[PlyCount "113"]
[EventDate "1983.10.12"]
[EventType "tourn"]
[EventRounds "11"]
[EventCountry "NED"]
[EventCategory "15"]
[SourceTitle "MCD"]
[Source "ChessBase"]
[SourceDate "1999.07.01"]
[SourceVersion "1"]
[SourceVersionDate "1999.07.01"]
[SourceQuality "1"]

1. Nf3 Nf6 2. c4 c5 3. Nc3 Nc6 4. e3 e6 5. d4 d5 6. cxd5 exd5 7. Be2 cxd4 8. Nxd4 Bd6 9. O-O O-O 10. Bf3 Be5 11. Qd3 Nb4 12. Qd2 Bxd4 13. exd4 Bf5 14. Bd1 Re8 $146 ({RR} 14... Bg6 15. Bb3 {½-½ (15) Tal,M (2565)-Sokolov,A (2555) Montpellier 1985}) 15. Na4 Nc6 16. f3 Qa5 17. Qxa5 Nxa5 18. Kf2 Nc6 19. Be3 Nb4 20. Bg5 Nd7 21. g4 Bg6 22. Bb3 Bc2 23. Bxc2 Nxc2 24. Rad1 f6 25. Bf4 Nf8 26. Rd2 Ne6 27. Bg3 Ncxd4 28. Rfd1 Nc6 29. Rxd5 Rad8 30. Rxd8 Rxd8 31. Rxd8+ Ncxd8 32. Ke3 Kf7 33. f4 g6 34. f5 gxf5 35. gxf5 Ng7 36. Ke4 Nc6 37. Bd6 Ne7 38. Nc5 b6 39. Na6 Ngxf5 40. Bb8 Ke6 41. Bxa7 Nd6+ 42. Kd3 Nd5 43. a4 f5 44. b4 f4 45. a5 bxa5 46. bxa5 Kd7 47. Nc5+ Kc6 48. Nb3 Nb4+ 49. Ke2 Kb5 50. Kf3 Nc6 51. Bb6 Nc4 52. Bc7 N4xa5 53. Nxa5 Nxa5 54. Bxa5 Kxa5 55. Kxf4 Kb5 56. Kg5 Kc5 57. Kh6 1-0

[Event "Haninge"]
[Site "Haninge"]
[Date "1990.??.??"]
[Round "7"]
[White "Karpov, Anatoly"]
[Black "Hector, Jonny"]
[Result "1-0"]
[WhiteElo "2730"]
[BlackElo "2465"]
[Annotator "Ftacnik,Lubomir"]
[PlyCount "47"]
[EventDate "1990.05.??"]
[EventType "tourn"]
[EventRounds "11"]
[EventCountry "SWE"]
[EventCategory "14"]
[SourceTitle "CBM 018"]
[Source "ChessBase"]
[SourceDate "1990.10.01"]
[SourceVersion "1"]
[SourceVersionDate "1990.10.01"]
[SourceQuality "1"]

1. d4 d5 2. c4 e6 3. Nc3 c5 4. cxd5 cxd4 5. Qa4+ Bd7 6. Qxd4 exd5 7. Qxd5 Nc6 8. e3 Nf6 9. Qb3 $1 Bc5 (9... Bb4 10. Bd2 O-O 11. Nf3 $14) (9... Bd6 $5) 10. Nf3 O-O 11. Be2 Be6 12. Qa4 (12. Qd1 Qc7 13. O-O Rad8) ({RR} 12. Qc2 Nb4 13. Qb1 Qc8 14. O-O Re8 15. a3 Bf5 16. e4 Nxe4 17. Nxe4 Bxe4 18. Bd3 Bxd3 {0-1 (18) Yatskar,M (2285)-Zhou,E (1812) chess.com INT 2026}) 12... Qc7 $146 ({RR} 12... a6 13. a3 Bg4 14. O-O Qe7 15. Nd5 Nxd5 16. Qxg4 Rad8 17. Bd2 Nf6 18. Qh4 Ne4 19. Qxe7 Bxe7 20. Bc3 Nxc3 21. bxc3 Na5 22. Nd4 Rc8 23. Rfc1 Rc7 24. g3 g6 25. Bg4 Rc4 26. Be2 Rc5 27. c4 {Garcia Vicente,N (2207)-Roche Simon,M (2180) Aragon 2007 ½-½ (62)}) ({RR} 12... a6 13. O-O b5 14. Qc2 Nb4 15. Qb1 Rc8 16. Rd1 Qe7 17. Ng5 Bc4 18. a3 Bxe2 19. Nxe2 Rfd8 20. Rd2 Nbd5 21. Rd3 h6 22. Nf3 Ne4 23. Ng3 Nf4 24. Rxd8+ Qxd8 25. Bd2 Nxd2 26. Nxd2 Qxd2 27. Ne4 {Georgiev,K (2675)-Sedlak,N (2557) Cetinje 2010 ½-½}) ({RR} 12... a6 13. O-O b5 14. Qc2 Nb4 15. Qb1 h6 16. Bd2 Bg4 17. Rd1 Qe7 18. a3 Nc6 19. Qc2 Rac8 20. h3 Bh5 21. Rac1 Ne5 22. Nxe5 Qxe5 23. Bxh5 Qxh5 24. Be1 Bb6 25. Qe2 Qe5 26. Qf3 Rfe8 27. g3 {Hort,V (2590)-Dankert,P (2380) Cologne 1982 ½-½ (43)}) 13. O-O Rad8 14. Bd2 Ng4 (14... Ne5 15. Rfd1 Nfg4 16. Nxe5 Nxe5 17. Be1 $16) 15. Rfd1 $1 Bd6 (15... Rxd2 16. Rxd2 Nxe3 17. fxe3 Bxe3+ 18. Kh1 $18) 16. g3 Qe7 17. Be1 f5 (17... Qf6 18. Ne4 Qh6 19. Nxd6 Nce5 20. h4 $18) 18. Nd5 $1 Qf7 19. Ng5 Qh5 20. h4 Bc8 (20... Bxd5 21. Rxd5 Bxg3 22. fxg3 $1 (22. Rxd8 Bh2+ 23. Kg2 Nxd8) 22... Rxd5 23. Qb3 Rfd8 24. Rd1 Ne7 25. Bf3 $1 $18) 21. Nf4 Bxf4 (21... Qe8 22. Qb3+ Kh8 23. Nfe6 $18) 22. Rxd8 Nxd8 23. Qxf4 Nc6 (23... h6 $5 $16) 24. Qc7 {Ftacnik,L} (24. Qc7 Nce5 25. Bc3 $18) 1-0

[Event "Dortmund"]
[Site "Dortmund"]
[Date "1994.??.??"]
[Round "2"]
[White "Karpov, Anatoly"]
[Black "Leko, Peter"]
[Result "1-0"]
[WhiteElo "2740"]
[BlackElo "2545"]
[Annotator "Ftacnik,Lubomir"]
[PlyCount "107"]
[EventDate "1994.07.??"]
[EventType "tourn"]
[EventRounds "9"]
[EventCountry "GER"]
[EventCategory "16"]
[SourceTitle "CBM 042"]
[Source "ChessBase"]
[SourceDate "1994.10.01"]
[SourceVersion "1"]
[SourceVersionDate "1994.10.01"]
[SourceQuality "1"]

1. Nf3 {Hansen,Curt} Nf6 2. c4 c5 3. Nc3 Nc6 4. e3 e6 5. d4 d5 6. cxd5 exd5 7. Bb5 Bd6 8. O-O ({RR} 8. Ne5 Qc7 9. Qa4 ({RR} 9. Nxc6 bxc6 10. dxc5 Bxc5 11. Be2 Bd6 12. h3 Qe7 13. b3 O-O 14. Bb2 Bf5) 9... O-O 10. Nxc6 bxc6 11. Bxc6 Rb8 12. Nxd5 Nxd5 13. Bxd5 cxd4 14. O-O Rb4 15. Qc6 Qb8 16. e4 Rb6 17. Qa4 Bxh2+ 18. Kh1 Bf4) ({RR} 8. dxc5 Bxc5 9. O-O O-O 10. b3 ({RR} 10. a3 a6 ({RR} 10... Bg4 11. Be2 Rc8 12. b4 Bd6 13. Bb2 Re8) 11. Be2 Be6 12. b4 Bd6 13. Bb2 Qe7 14. Rc1 Rfd8 15. Na4) 10... Bg4 ({RR} 10... Qd6 11. Na4 Bb4 12. Bb2 Ne4 13. a3 Ba5 14. b4 Bc7 15. Bxc6 bxc6 16. Be5) ({RR} 10... Be6 11. Bb2 Qe7 12. Ne2 Rac8 13. a3 Rfd8 14. Ned4) ({RR} 10... a6 11. Bxc6 ({RR} 11. Be2 Re8 12. Bb2 Ba7 13. Rc1 Qd6 14. Rc2 Bg4 15. Rd2 Rad8) 11... bxc6 12. Bb2 Bg4 13. Rc1 Be7 ({RR} 13... Bd6 14. Na4 Rc8 15. Qd3 Bxf3 16. gxf3 Qd7 17. Kg2 Ne4 18. Rh1 Qh3+) ({RR} 13... Ba7 14. Na4 Qd6 15. Rc4 Qe6 16. Nc5 Qc8 17. Rc1 Ne4) 14. Ne2 Bxf3 15. gxf3 Qd7) 11. Bb2 Bd6 ({RR} 11... Rc8 12. Rc1 Qd6 13. Be2 a6 14. h3 ({RR} 14. Nd4 Bxd4 15. Bxg4 Nxg4 16. Qxg4 Be5 17. Rfd1 Bxh2+ 18. Kf1 Qe6 19. Qf3 Be5 20. Ba3 Bd6 21. Bxd6 Qxd6) 14... Bxf3 15. Bxf3 Rfd8 16. Qc2 Ba3 17. Rfd1) 12. Be2 Rc8 ({RR} 12... Re8 13. Nd4 Bxe2) 13. Nd4 ({RR} 13. Rc1 Bb8 ({RR} 13... a6 14. Nd4 Bxe2 15. Ncxe2 Nxd4 16. Qxd4 Rxc1 17. Rxc1 Re8) 14. Re1 ({RR} 14. Nb5 Ne4 15. Nbd4 Re8 16. h3 ({RR} 16. Qd3 Qd6 17. g3 h5 18. Nxc6 bxc6 19. Nh4 Bh3 20. Rfd1 Qh6) 16... Bxf3 17. Nxf3 Qd6 18. Qd3 Ng5) 14... Re8 15. g3 h5 16. Na4 Qe7 17. Nh4) ({RR} 13. Nb5 Bb8 14. Bxf6 Qxf6 15. Qxd5 Rfd8 16. Qe4 h5) 13... Be6 14. Ncb5 Bb8 15. Rc1) 8... O-O 9. h3 cxd4 (9... Be6 10. dxc5 Bxc5 11. b3) ({RR} 9... Bf5 10. dxc5 Bxc5 11. b3 Qa5 12. Bb2 Rfd8 13. Bxc6 bxc6 14. Nd4 Bd7) ({RR} 9... Re8 10. a3 a6 11. Bxc6 bxc6 12. dxc5 Bxc5 13. Qc2 Bd6 14. Re1 c5) 10. exd4 (10. Nxd4 Bd7 $10) 10... h6 11. Re1 Qc7 (11... Be6 12. Ne5 $1 $14) ({RR} 11... Bd7 12. Ne5 Rc8 13. a3 a6 ({RR} 13... Re8 14. Bf4) 14. Ba4 ({RR} 14. Bf1 Bf5) 14... b5 15. Bb3 Be6 16. Bc2 Qb6 17. Be3 Rfd8 18. Ng4 Bxg4 19. hxg4 Bb8 20. Bf5 Rc7 21. a4 b4 22. a5 Nxa5 23. Na4 Qd6 ({RR} 23... Qb5 24. Nc5) 24. g3 Ra7 25. g5 ({RR} 25. Nc5 Nc4) 25... hxg5 26. Bxg5 {Karpov,A (2740)-Morovic Fernandez,I (2605) Las Palmas 1994 CBM 040 [Hansen,Curt] 1-0 (37)}) ({RR} 11... Qb6 12. Be3 Bf5 13. Bxc6 bxc6 14. Qc1 Rfe8 15. b3 Qa6 16. Na4 Ne4 17. Nd2 Re6 18. Nxe4 Bxe4 19. Nc3 Bf5 20. Qd1 Rae8 21. Qf3 Rf6 22. Bd2 Ree6 23. Rxe6 fxe6 24. Re1 Qc8 25. Ne2 Qf8 26. Qc3 {Mis,M (2397)-Nainys,Z (2309) Warsaw POL 2026 0-1 (57)}) 12. Be3 Bd7 $146 (12... a6 13. Bxc6 Qxc6 14. Ne5 $1) ({RR} 12... Re8 13. Rc1 a6 14. Bxc6 bxc6 15. Na4 Ne4 16. Ne5 Bxe5 17. dxe5 Qxe5 18. Nb6 Rb8 19. Rxc6 Be6 20. Qd4 Qxd4 21. Bxd4 Nd2 22. b3 Ne4 23. f3 Ng5 24. h4 Nh7 25. Be5 Rb7 26. Rd6 Nf8 27. Bg3 {Horvath,J (2505)-Palkovi,J (2480) Hungary 1996 1-0 (51)}) 13. Rc1 a6 14. Bd3 (14. Bxc6 Bxc6 15. Ne5 Bxe5 16. dxe5 Qxe5 $1 17. Bc5 Qg5 18. Bxf8 d4 19. g3 dxc3 20. Ba3 cxb2 21. Bxb2 Qf5 $36) 14... Rfe8 15. a3 Rac8 16. b4 Bf4 17. Bxf4 Rxe1+ 18. Qxe1 Qxf4 19. Ne2 Qd6 20. Qd2 Ne7 21. Ng3 Rxc1+ 22. Qxc1 Nc6 23. Qc5 Qb8 (23... Qxc5 24. dxc5 $16) (23... Qc7 24. Ne5 $16) 24. Ne2 b6 25. Qc3 a5 $6 26. Ne5 $1 (26. bxa5 Nxa5 $14) 26... Qd6 (26... axb4 $4 27. Nxc6 $18) 27. Nxd7 $1 Nxd7 28. Bb5 Ndb8 (28... axb4 29. Qxc6 Qxc6 30. Bxc6 bxa3 31. Nc3 $18) 29. bxa5 bxa5 (29... Nxa5 30. Qc8+ Kh7 31. Be8 $1 $16) 30. Nc1 Qc7 31. Nb3 Qb6 32. a4 g6 33. h4 h5 (33... Kg7 34. h5 $16) 34. Qc5 $1 Qxc5 35. dxc5 Kf8 (35... Kg7 36. f4 Kf6 37. Kf2 Kf5 38. Kf3 Ke6 39. Ke3 Kf5 40. Bxc6 Nxc6 41. Nd4+ Nxd4 42. Kxd4 $18) 36. f3 Ke7 37. Kf2 Kd8 38. Ke3 Kc7 39. g4 $1 f6 40. gxh5 gxh5 41. Kf4 Nd7 42. Kf5 Nce5 43. Be2 d4 44. Nxd4 $1 (44. f4 d3 $1 45. Bxh5 Nc4 $132) 44... Nxc5 45. f4 Ned7 46. Bxh5 Nxa4 47. Be8 Nac5 48. h5 a4 49. h6 Nf8 50. Kxf6 (50. Bxa4 Kd6 (50... Nxa4 51. Ne6+ $1 Nxe6 52. Kxe6 Nc5+ 53. Kxf6 Nd7+ 54. Kf7 $18) 51. Bb5 Ke7 { b7-d6}) 50... a3 51. Ke7 a2 52. Nc2 Nce6 53. Bf7 $1 Nd4 54. Kxf8 (54. Kxf8 Nxc2 55. Bxa2 $18) 1-0

[Event "World Cup"]
[Site "Skelleftea"]
[Date "1989.08.??"]
[Round "11"]
[White "Kortschnoj, Viktor Lvovich"]
[Black "Karpov, Anatoly"]
[Result "1/2-1/2"]
[WhiteElo "2655"]
[BlackElo "2755"]
[PlyCount "43"]
[EventDate "1989.08.??"]
[EventType "tourn"]
[EventRounds "15"]
[EventCountry "SWE"]
[EventCategory "16"]
[SourceTitle "CBM 014"]
[Source "ChessBase"]
[SourceDate "1990.02.01"]
[SourceVersion "1"]
[SourceVersionDate "1990.02.01"]
[SourceQuality "1"]

1. c4 Nf6 2. Nc3 c5 3. Nf3 Nc6 4. d4 cxd4 5. Nxd4 e6 6. e3 d5 7. cxd5 exd5 8. Bb5 Bd7 9. Nde2 ({RR} 9. O-O Bd6 10. b3 a6 11. Nxc6 bxc6 12. Bd3 Qb8 13. h3 Qb4 14. Na4 Qh4 15. Qc2 Rb8 16. Bb2 O-O 17. Bd4 Rfe8 18. f4 Ne4 19. Bxe4 Rxe4 20. Qf2 Qd8 21. Rac1 Re8 22. Nc5 Bc8 23. Rc3 a5 {Indjic,A (2589)-Esipenko,A (2702) Samarkand UZB 2023 1-0 (47)}) ({RR} 9. O-O Bd6 10. b3 O-O 11. Bb2 Re8 12. Nce2 Be5 13. Nxc6 bxc6 14. Bxe5 Rxe5 15. Ba4 c5 16. Bxd7 Qxd7 17. Rc1 Rc8 18. Qd2 Ree8 19. Rfd1 Qb7 20. Nc3 c4 21. bxc4 dxc4 22. Rb1 Qe7 23. Qd6 Qxd6 {Aronian,L (2797)-Gelfand,B (2759) Moscow 2014 ½-½ (48)}) ({RR} 9. O-O Bd6 10. b3 a6 11. Nxc6 bxc6 12. Bd3 Qb8 13. h3 Qb4 14. Na4 Qh4 15. Qc2 Rb8 16. Bb2 O-O 17. Bd4 Rfe8 18. f4 Ne4 19. Bxe4 Rxe4 20. Qf2 Qd8 21. Rac1 Re8 22. Nc5 Bc8 23. Rc3 a5 {Indjic,A (2589)-Esipenko,A (2702) Samarkand UZB 2023 1-0 (47)}) 9... Be6 ({RR} 9... a6 10. Ba4 Bd6 11. Nxd5 O-O 12. Ndf4 Qe7 13. O-O Rad8 14. Bd2 Ne4 15. Qc2 Bf5 16. Bc3 b5 17. Bb3 Ng3 18. Nxg3 Bxc2 19. Bxc2 Bxf4 20. Nf5 Bxh2+ 21. Kxh2 Qc7+ 22. Kg1 f6 23. Rac1 g6 24. Bb3+ {Adireddy,A (2310)-Hamidov,A (2289) chess.com INT 2026 0-1 (36)}) 10. Nd4 Rc8 $146 11. O-O Bc5 12. Nxe6 fxe6 13. e4 dxe4 14. Bg5 O-O 15. Bc4 Nd4 16. Nxe4 Be7 17. Qd3 b5 18. Bxf6 bxc4 19. Qxd4 Bxf6 20. Nxf6+ Qxf6 21. Qxf6 Rxf6 22. Rfc1 1/2-1/2